[Event "very good"]
[Site "http://www.queenalice.com/game.php?id=1231545"]
[Date "2013.11.11"]
[Round "-"]
[White "jfkarlsson"]
[Black "kavalheiro"]
[Result "1-0"]
[WhiteElo "1445"]
[BlackElo "1565"]

1. e4 e5 2. d3 Nf6 3. g4 Bb4+ 4. Bd2 Bc5 5. Nf3 c6 6. Nxe5 Qe7 7. Bc3 Bd6 8. f4
b5 9. g5 Ng8 10. h4 Na6 11. Qg4 b4 12. Bd4 Bc7 13. f5 d6 14. Nxc6 Qd7 15. Bxg7
Qxc6 16. Qg2 Ba5 17. Bxh8 b3+ 18. c3 Qa4 19. a3 Bb7 20. Nd2 O-O-O 21. d4 Re8 22.
Bc4 Nc7 23. Bxb3 Qb5 24. O-O-O Ne7 25. Bf6 Nxf5 26. Qh3 Qd7 27. Qxf5 Re6 28.
Qxa5 Ba6 29. Bxe6 Qxe6 30. Qf5 Kb7 31. Qxe6 Nxe6 32. e5 d5 33. h5 Bd3 34. Nf3
Be4 35. Rhf1 Nf4 36. h6 Kb6 37. Nd2 Nd3+ 38. Kb1 Nb4+ 39. Ka1 Nc2+ 40. Ka2 Bd3
41. Bd8+ Kb5 42. Rxf7 Bc4+ 43. Kb1 Bd3 44. Rb7+ Kc6 45. Rxh7 Ne3+ 46. Kc1 Bxh7
47. Re1 Ng2 48. Rg1 Ne3 49. g6 Bg8 50. h7 Bxh7 51. gxh7 Kd7 52. h8=Q Kc6 53.
Qe8+ Kb7 54. Rg7+ Ka6 55. Rg6+ Kb7 56. Qd7+ Kb8 57. Ba5 Nc4 58. Rg8# 1-0

[Event "NOVO"]
[Site "http://www.queenalice.com/game.php?id=1237802"]
[Date "2013.12.5"]
[Round "-"]
[White "AuntieRenie"]
[Black "kavalheiro"]
[Result "1-0"]
[WhiteElo "1556"]
[BlackElo "1582"]

1. c4 e5 2. Nc3 Qf6 3. Nd5 Qh4 4. Nxc7+ Kd8 5. Nxa8 Bc5 6. g3 Qf6 7. Nf3 e4 8.
Qa4 exf3 9. e3 Ne7 10. Qa5+ b6 11. Qc3 Qc6 12. Nxb6 Bxb6 13. Qxg7 Rg8 14. Qxf7
h6 15. b4 Bc7 16. b5 Qd6 17. Qxf3 Ng6 18. d4 Qb4+ 19. Bd2 Qe7 20. a3 Rf8 21. Qa8
Qf7 22. f4 d6 23. Qxa7 Re8 24. b6 Nc6 25. Qa4 Bd7 26. bxc7+ Kxc7 27. d5 Nd4 28.
Qa7+ Kd8 29. Qxd4 Bf5 30. Qb6+ Ke7 31. Bb4 Qf6 32. Qc7+ Bd7 33. Bxd6+ Kf7 34.
Qxd7+ Ne7 35. Be5 Qg6 36. Bg2 Qc2 37. Qe6+ Kf8 38. Qf6+ Kg8 39. Qg7# 1-0

[Event "Melhoras...."]
[Site "http://www.queenalice.com/game.php?id=1242582"]
[Date "2013.12.24"]
[Round "-"]
[White "Camy"]
[Black "kavalheiro"]
[Result "0-1"]
[WhiteElo "1575"]
[BlackElo "1530"]

1. c4 e5 2. Nc3 Nf6 3. Nf3 Bc5 4. Nxe5 Qe7 5. d4 Bb4 6. Nd3 Ne4 7. Nxb4 O-O 8.
Nbd5 Qh4 9. Nxe4 Qxe4 10. Nxc7 b6 11. Nxa8 Qxa8 12. e3 Re8 13. Be2 Qxg2 14. Bf3
Qh3 15. Qe2 Ba6 16. b3 Qf5 17. e4 Qa5+ 18. Bd2 Qa3 19. Bg4 Qe7 20. h3 Bb7 21. d5
Qe5 22. Rc1 Na6 23. Qe3 Nc5 24. f4 Qb2 25. O-O Nxe4 26. Bf5 Nf6 27. Qf2 g6 28.
Bc3 Qa3 29. Qd4 Qe7 30. Rce1 Qd8 31. Bg4 Rf8 32. f5 g5 33. Bb4 d6 34. a4 h5 35.
Bf3 Kg7 36. Bd2 Rg8 37. Bxg5 Kf8 38. Bxh5 Rxg5+ 39. Kh1 Rxh5 40. Qe3 Ng4 41. Qg3
Nh6 42. f6 Qd7 43. Re4 Rxh3+ 44. Qxh3 Qxh3+ 45. Kg1 Qg3+ 46. Kh1 Qd3 47. Rfe1
Qf3+ 48. Kg1 Qxf6 49. Re8+ Kg7 50. R8e2 Nf5 51. Rg2+ Kf8 52. b4 Qd4+ 53. Rf2 Bc8
54. Kf1 Ng3+ 55. Kg2 Qh4 56. Re3 Nh1 57. Ref3 Nxf2 58. Kf1 Bh3+ 59. Ke2 Ng4 60.
b5 Ne5 61. Rc3 Qe4+ 62. Re3 Bg4+ 63. Kd2 Nxc4+ 64. Kc3 Nxe3 65. Kb2 Qb4+ 66. Kc1
Qc3+ 67. Kb1 Qc2+ 68. Ka1 Bf5 69. a5 Qc3+ 70. Ka2 Qxa5+ 71. Kb2 Qa4 72. Kc1 Qc2#
0-1

[Event "mais uma???"]
[Site "http://www.queenalice.com/game.php?id=1247053"]
[Date "2014.1.10"]
[Round "-"]
[White "kavalheiro"]
[Black "AuntieRenie"]
[Result "0-1"]
[WhiteElo "1544"]
[BlackElo "1596"]

1. e4 d6 2. Bb5+ Bd7 3. Bc4 Nf6 4. Qf3 g6 5. e5 Bg4 6. Qa3 dxe5 7. Qa4+ Bd7 8.
Qb3 Be6 9. Bb5+ Nc6 10. Qf3 Bd5 11. Qg3 Nd7 12. Nc3 Be6 13. Qf3 Bf5 14. d3 Rb8
15. Nd5 Bg7 16. Bg5 f6 17. Bh4 Nd4 18. Qe3 Nxc2+ 19. Kd1 Nxe3+ 20. fxe3 O-O 21.
Nf3 c6 22. Bc4 cxd5 23. Bxd5+ Kh8 24. Ne1 Bh6 25. Bf2 Nc5 26. e4 Bxe4 27. Bxc5
Bxd5 28. Bxa7 Rc8 29. Ke2 Qa5 30. Bf2 Qd2+ 31. Kf1 Rc1 32. Rxc1 Qxc1 33. Bg3 Rc8
34. Kf2 Be3+ 35. Kf1 Rc2 36. Rg1 Rxb2 37. Bf2 Bxf2 38. g3 Bxg1 39. Kxg1 Qxe1#
0-1

[Event "Challenge"]
[Site "http://www.queenalice.com/game.php?id=1256869"]
[Date "2014.2.15"]
[Round "-"]
[White "cass"]
[Black "kavalheiro"]
[Result "1-0"]
[WhiteElo "1708"]
[BlackElo "1548"]

1. e4 e5 2. Nf3 Nf6 3. Bc4 Qe7 4. O-O Nxe4 5. Re1 Nf6 6. Nxe5 d5 7. Nxf7 Be6 8.
Nxh8 dxc4 9. Qf3 g5 10. Qxb7 Kd8 11. Qxa8 Kc8 12. Qxa7 Qg7 13. Rxe6 Qxh8 14. d4
Qg7 15. Qa4 Qf7 16. Qxc4 Ng4 17. f3 Nf6 18. Bxg5 Nfd7 19. Qe2 c5 20. Re8+ Kb7
21. Qb5+ Nb6 22. Rxb8+ Kxb8 23. Qxb6+ Kc8 24. dxc5 Qd7 25. Nc3 Qd4+ 26. Kh1 Bxc5
27. Qe6+ Kc7 28. Nb5+ Kb7 29. Nxd4 Bxd4 30. Qd7+ Kb6 31. Qxd4+ Kc6 32. Rd1 Kb5
33. a4+ Kc6 34. Qd7+ Kc5 35. Qd5+ Kb6 36. Qb5+ Kc7 37. Rd7+ Kc8 38. Qb7# 1-0

[Event "Vou perder mais uma"]
[Site "http://www.queenalice.com/game.php?id=1257791"]
[Date "2014.2.18"]
[Round "-"]
[White "AuntieRenie"]
[Black "kavalheiro"]
[Result "1-0"]
[WhiteElo "1635"]
[BlackElo "1538"]

1. c4 e6 2. Nc3 Bc5 3. d4 Bb4 4. g3 Qf6 5. Bg2 Nh6 6. e3 Nf5 7. Qb3 Bxc3+ 8.
bxc3 O-O 9. Ne2 d6 10. Bxb7 Nd7 11. Bxa8 Nb6 12. Bg2 d5 13. c5 Nc4 14. Qb8 Qe7
15. Qxa7 g6 16. e4 dxe4 17. Bxe4 Nh6 18. Qa4 Ng4 19. Qxc4 Qf6 20. Nf4 Re8 21.
Bf3 e5 22. dxe5 Qxe5+ 23. Ne2 Nf6 24. Bf4 Qe7 25. O-O Bh3 26. Rfe1 Qd7 27. Qd4
Qf5 28. Bc6 Re6 29. Ba4 Re4 30. Qd8+ Kg7 31. Bb3 Re8 32. Qxc7 Rf8 33. Nd4 Kh8
34. Nxf5 Bxf5 35. Bh6 Ne8 36. Rxe8 Rxe8 37. Qxf7 Rg8 38. Qf6+ Rg7 39. Qxg7# 1-0

[Event "a proxima..."]
[Site "http://www.queenalice.com/game.php?id=1258375"]
[Date "2014.2.20"]
[Round "-"]
[White "Camy"]
[Black "kavalheiro"]
[Result "1/2-1/2"]
[WhiteElo "1612"]
[BlackElo "1526"]

1. d4 e6 2. e4 Qf6 3. Nf3 Bb4+ 4. c3 Ba5 5. Bd2 Nc6 6. Be2 Bb6 7. e5 Qf5 8. O-O
d6 9. Be3 dxe5 10. dxe5 Bd7 11. Nbd2 Nxe5 12. Nxe5 O-O-O 13. Bxb6 cxb6 14. Ndc4
Qg5 15. Nxf7 Qe7 16. Nxh8 Bc6 17. Qc2 Nf6 18. Ne5 Rxh8 19. Bf3 Bb5 20. c4 Qc5
21. Nf7 Rf8 22. Ne5 Rd8 23. Qc3 Rd4 24. Rfe1 Bxc4 25. Rac1 Nd5 26. b3 Nxc3 27.
Rxc3 Qb4 28. Nxc4 Qxc3 29. Kf1 Rd3 30. Rxe6 Rd1+ 31. Bxd1 Kd7 32. Re3 Qd4 33.
Be2 Qa1+ 34. Bd1 Qxa2 35. Rd3+ Kc6 36. Rd6+ Kc5 37. g4 b5 38. Rd7 bxc4 39. Rc7+
Kd4 40. Rxc4+ Kd3 41. Rc7 Kd2 42. Rd7+ Kc1 43. Bf3 Qa6+ 44. Kg2 Qb5 45. Rxg7 Kd2
46. Rxh7 Ke1 47. Re7+ Kd2 48. Re2+ Kc3 49. Re3+ Kb2 50. h4 a5 51. h5 Qg5 52. Kg3
b5 53. Kh3 Ka3 54. Be4 Qf6 55. f3 Qg5 56. Rd3 b4 57. Rd1 Kxb3 58. Rb1+ Ka2 59.
Re1 Qd2 60. Rg1 Qe3 61. Rg2+ Ka3 62. Kh4 Qe1+ 1/2-1/2

[Event "Challenge"]
[Site "http://www.queenalice.com/game.php?id=1263119"]
[Date "2014.3.7"]
[Round "-"]
[White "kavalheiro"]
[Black "linchau"]
[Result "0-1"]
[WhiteElo "1526"]
[BlackElo "1768"]

1. e4 c5 2. Bc4 e6 3. Nc3 Nc6 4. Nf3 d6 5. O-O Nf6 6. Ng5 Be7 7. Bb5 Bd7 8. Re1
O-O 9. Qf3 Nd4 10. Qh3 Nxc2 11. d3 Nxe1 12. Ba4 Bxa4 13. Nxa4 Nc2 14. Rb1 Rc8
15. Bf4 e5 16. Bd2 Qd7 17. b3 Qxh3 18. gxh3 Nd4 19. Re1 h6 20. Re3 hxg5 21. Rg3
Ne2+ 22. Kg2 Nxg3 23. hxg3 Nd7 24. a3 g6 25. g4 f5 26. gxf5 gxf5 27. exf5 Rxf5
28. Nc3 Rcf8 29. Be1 Rf3 30. Ne4 Rxd3 31. b4 Rff3 32. bxc5 Nxc5 33. Nd2 Rxh3 34.
Nb1 g4 35. Nd2 Rxa3 36. Nc4 Ra2 37. Ne3 Rxe3 38. Kf1 Rf3 39. Kg2 Nd3 40. Bc3
Nxf2 41. Be1 Nh3+ 42. Bf2 Nxf2 43. Kg1 Nh3+ 44. Kh1 Rf1# 0-1

[Event "new"]
[Site "http://www.queenalice.com/game.php?id=1267500"]
[Date "2014.3.23"]
[Round "-"]
[White "AuntieRenie"]
[Black "kavalheiro"]
[Result "1-0"]
[WhiteElo "1647"]
[BlackElo "1529"]

1. c4 a5 2. Nc3 b6 3. d4 e6 4. Nf3 f5 5. Qa4 Nc6 6. g3 Qe7 7. d5 Nb4 8. Bg2 exd5
9. cxd5 Nd3+ 10. Kf1 Qc5 11. exd3 Nf6 12. Ne5 Ng4 13. d4 Ba6+ 14. Ke1 Qe7 15. d6
cxd6 16. Nd5 Qe6 17. Nc7+ Ke7 18. Qxd7+ Qxd7 19. Nxd7 Rc8 20. Nxa6 Kxd7 21. b4
Ra8 22. Bxa8 Be7 23. Bb7 Re8 24. bxa5 Bf6+ 25. Be3 Bxd4 26. Rc1 bxa5 27. Rc7+
Ke6 28. Bxd4 d5 29. Nc5+ Kd6+ 30. Kf1 Kxc7 31. Bxd5 Kd6 32. Bf7 Re7 33. Bg8 Re8
34. Nb7+ Kc7 35. Bd5 Ra8 36. Nc5 Rc8 37. Be6 Rd8 38. Bxg7 Kc6 39. Nb3 Rd1+ 40.
Kg2 Rd6 41. Bxf5 Nf6 42. Bxf6 Rxf6 43. Bxh7 a4 44. Rc1+ Kb6 45. Nd4 Rf7 46. Bc2
a3 47. Bb3 Rd7 48. Rc6+ Kb7 49. Rc4 Kb6 50. Ne6 Re7 51. Rb4+ Ka5 52. Ra4+ Kb5
53. Nd4+ Kb6 54. Rxa3 Rd7 55. Ne6 Rd6 56. Nf4 Rd4 57. Ra8 Kb7 58. Ra4 Rd8 59.
Rb4+ Ka7 60. Ne6 Rd6 61. Ra4+ Kb6 62. h4 Rd7 63. h5 Rh7 64. g4 Rh6 65. Rd4 Kb5
66. Nc7+ Kb6 67. Na8+ Kb7 68. Rd8 Rh7 69. Bc2 Rg7 70. Be4+ Ka6 71. Rd6+ Ka7 72.
Rg6 Re7 73. Bc6 Re2 74. a4 Ra2 75. Rg7+ Kb8 76. Nb6 Ra3 77. Rb7# 1-0

[Event "Challenge"]
[Site "http://www.queenalice.com/game.php?id=1296979"]
[Date "2014.7.24"]
[Round "-"]
[White "kavalheiro"]
[Black "blueyk"]
[Result "0-1"]
[WhiteElo "1524"]
[BlackElo "1450"]

1. e4 e5 2. Nf3 Bd6 3. Bc4 Nh6 4. O-O Qf6 5. g3 Bc5 6. d4 exd4 7. Bg5 Qc6 8. Ne5
Qxe4 9. Re1 Qf5 10. Ng6+ Be7 11. Rxe7+ Kd8 12. Re5+ Qxg5 13. Rxg5 fxg6 14. Qe1
Nc6 15. Nd2 a6 16. Ne4 b5 17. Bd5 Nf5 18. Bf7 Ne5 19. Bb3 Nf3+ 20. Kf1 Nxe1 21.
Rxe1 Bb7 22. Nc5 Bc6 23. g4 Nh4 24. Re2 Nf3 25. Rd5 Nxh2+ 26. Kg1 Bxd5 27. Bxd5
c6 28. Bh1 Nxg4 29. Nb7+ Kc7 30. Na5 Rae8 31. Rd2 Re1+ 32. Kg2 Kb6 33. Nb3 c5
34. c3 Rhe8 35. cxd4 c4 36. Nc5 d6 37. f3 Nf6 38. Ne4 Nd5 39. Nf2 Ne3+ 40. Kg3
Nf1+ 41. Kh3 Nxd2 42. Bg2 R8e6 43. d5 R6e2 44. Ng4 Rg1 45. Bf1 Nxf1 46. Kh4 h5
47. b3 hxg4 48. fxg4 Nh2 49. bxc4 Nf3+ 50. Kh3 Rh2# 0-1

[Event "ganhou bem, vamos???"]
[Site "http://www.queenalice.com/game.php?id=1313584"]
[Date "2014.10.8"]
[Round "-"]
[White "kavalheiro"]
[Black "blueyk"]
[Result "0-1"]
[WhiteElo "1533"]
[BlackElo "1639"]

1. e4 d5 2. e5 Nh6 3. c3 Bf5 4. Qa4+ Bd7 5. Bb5 e6 6. Nf3 c6 7. Bd3 Be7 8. O-O
Na6 9. b4 c5 10. b5 c4 11. Be2 Nc5 12. Qd1 Bxb5 13. Nd4 Ba4 14. Nc2 Qc7 15. Bh5
Nd3 16. Qf3 Bxc2 17. Qg3 O-O 18. a4 Bxb1 19. Rxb1 Nxc1 20. Rbxc1 Ba3 21. Ra1 Bc5
22. d4 Be7 23. a5 Nf5 24. Qg4 b5 25. Rfb1 Qb7 26. a6 Qb6 27. Rb2 g6 28. g3 Nh6
29. Re2 Nxg4 30. Bxg4 Qb8 31. Ra5 b4 32. Rb2 Qd8 33. cxb4 c3 34. Rc2 Bxb4 35.
Ra4 Qb8 36. h4 h5 37. Bf3 Qb5 38. Ra1 Qc4 39. Be2 Qxd4 40. Rd1 Qxe5 41. Re1 Qf5
42. Rcc1 c2 43. Rf1 d4 44. f4 Qe4 45. Bc4 Bd2 46. Ra1 Rac8 47. Bb3 Qe3+ 48. Rf2
Qxg3+ 49. Kf1 c1=Q+ 50. Rxc1 Rxc1+ 51. Ke2 Qe3# 0-1

[Event "Challenge"]
[Site "http://www.queenalice.com/game.php?id=1318692"]
[Date "2014.10.28"]
[Round "-"]
[White "gobblemate"]
[Black "kavalheiro"]
[Result "0-1"]
[WhiteElo "1472"]
[BlackElo "1505"]

1. d4 e6 2. c4 Bb4+ 3. Nc3 Nf6 4. a3 Ba5 5. Nf3 Ng4 6. Bf4 Nc6 7. e4 O-O 8. Be2
Bb6 9. h3 Nf6 10. O-O Nh5 11. Be3 Ba5 12. b4 Bb6 13. c5 Bxc5 14. dxc5 Qf6 15.
Rc1 g6 16. Bg5 Qg7 17. Qd2 b6 18. Bh6 Qf6 0-1

[Event "Challenge"]
[Site "http://www.queenalice.com/game.php?id=1318693"]
[Date "2014.10.28"]
[Round "-"]
[White "kavalheiro"]
[Black "gobblemate"]
[Result "1-0"]
[WhiteElo "1520"]
[BlackElo "1457"]

1. e4 c5 2. Bc4 Nc6 3. Qf3 Ne5 4. Bxf7+ Nxf7 5. Nh3 Nf6 6. O-O Ne5 7. Qc3 Qc7 8.
Nf4 Nxe4 9. Nd5 Qd6 10. Qb3 c4 11. Qb5 e6 12. Nf4 a6 13. Qa5 Be7 14. d3 cxd3 15.
Nxd3 Nxd3 16. cxd3 Nf6 17. g3 Qxd3 18. Nd2 1-0

[Event "Challenge"]
[Site "http://www.queenalice.com/game.php?id=1324993"]
[Date "2014.11.28"]
[Round "-"]
[White "JosephPyehoor"]
[Black "kavalheiro"]
[Result "1-0"]
[WhiteElo "1646"]
[BlackElo "1521"]

1. f3 e5 2. Kf2 Qh4+ 3. g3 Qd4+ 4. e3 Qc5 5. d4 Qd5 6. c4 Qd6 7. c5 Qd5 8. Nc3
Qe6 9. d5 Qe7 10. d6 cxd6 11. Nd5 Qe6 12. Nc7+ Kd8 13. Nxe6+ fxe6 14. cxd6 Nf6
15. e4 Nc6 16. Be3 b6 17. Ne2 Nb4 18. Nc3 g6 19. a3 Nc6 20. Nb5 a6 21. Nc7 Rb8
22. Bxa6 Bg7 23. Bxc8 Rxc8 24. Na6 Rf8 25. Bxb6+ Ke8 26. b4 Nh5 27. Nc7+ Kf7 28.
Rb1 Kg8 29. b5 Nb8 30. Ba7 Rf6 31. Bxb8 Rxb8 32. a4 Bh6 33. a5 Rb7 34. a6 Ra7
35. b6 Rxa6 36. Nxa6 Rf8 37. b7 Nf6 38. Ke2 Rd8 39. b8=Q Rxb8 40. Rxb8+ Kg7 41.
Qa4 g5 42. g4 Kg6 43. Nc5 Kf7 44. Nxd7 Nxd7 45. Qxd7+ Kg6 46. Qxe6+ Kg7 47. Rg8#
1-0

[Event "Vamos nessa?"]
[Site "http://www.queenalice.com/game.php?id=1345655"]
[Date "2015.3.4"]
[Round "-"]
[White "fjalves"]
[Black "kavalheiro"]
[Result "1-0"]
[WhiteElo "1536"]
[BlackElo "1535"]

1. e4 e5 2. Nf3 d5 3. c3 dxe4 4. Qa4+ c6 5. Qxe4 Nd7 6. d4 Ngf6 7. Qe3 Ng4 8.
Qe4 Nb6 9. Na3 f5 10. Qe2 e4 11. Ng5 Be7 12. Nh3 Na4 13. Qc4 Nb6 14. Qb3 Nd5 15.
Bc4 Bh4 16. g3 Bf6 17. O-O Qc7 18. Bxd5 cxd5 19. Qxd5 Bd7 20. Bf4 O-O-O 21. Bxc7
Kxc7 22. Qc5+ Kb8 23. Nb5 Rc8 24. Qxa7# 1-0

[Event "Challenge"]
[Site "http://www.queenalice.com/game.php?id=1350390"]
[Date "2015.3.28"]
[Round "-"]
[White "ledeon"]
[Black "kavalheiro"]
[Result "1-0"]
[WhiteElo "1839"]
[BlackElo "1519"]

1. d4 e6 2. c4 Bb4+ 3. Bd2 Bd6 4. Nf3 Nf6 5. Nc3 Nc6 6. d5 exd5 7. Nxd5 Ne4 8.
e3 Ne5 9. Rc1 O-O 10. c5 c6 11. cxd6 cxd5 12. Nxe5 Qf6 13. Nf3 Qxd6 14. Be2 b6
15. a3 Rb8 16. Bb4 Qf6 17. Bxf8 Kxf8 18. O-O Qxb2 19. Qxd5 Qf6 20. Qxe4 Bb7 21.
Qe5 Qd8 22. Rfd1 f6 23. Qd6+ Kf7 24. Qxd7+ Qxd7 25. Rxd7+ Ke8 26. Rxg7 Rd8 27.
Rxb7 Rd7 28. Bb5 Kd8 29. Rxd7+ Ke8 30. Rc8# 1-0

[Event "que tal?"]
[Site "http://www.queenalice.com/game.php?id=1372643"]
[Date "2015.7.22"]
[Round "-"]
[White "kavalheiro"]
[Black "fjalves"]
[Result "1-0"]
[WhiteElo "1516"]
[BlackElo "1572"]

1. e4 e5 2. Nf3 Nf6 3. Bd3 Nc6 4. Ng5 h6 5. Nh3 d6 6. Ng1 Be6 7. c3 Be7 8. Ne2
Ng4 9. Bb5 Bh4 10. g3 Qf6 11. Rf1 Bg5 12. Qa4 O-O 13. Na3 Nxh2 14. Rh1 Nf3+ 15.
Kd1 Nxd2 16. Bxd2 Qf3 17. Rg1 Qxf2 18. Bxc6 bxc6 19. Qxc6 Bg4 20. Re1 1-0

[Event "Challenge"]
[Site "http://www.queenalice.com/game.php?id=1377539"]
[Date "2015.8.14"]
[Round "-"]
[White "EdBrazil"]
[Black "kavalheiro"]
[Result "1-0"]
[WhiteElo "1480"]
[BlackElo "1534"]

1. e4 e6 2. d4 Nc6 3. e5 d5 4. c4 dxc4 5. Bxc4 Bb4+ 6. Bd2 Qg5 7. Kf1 Qf5 8. Nf3
Bd7 9. a3 Qd3+ 10. Bxd3 Be7 11. Qb3 b6 12. Ba6 Nb8 13. Bb7 Bc6 14. Bxc6+ Nxc6
15. Qb5 Kd7 16. Nc3 a6 17. Qd3 f5 18. Bg5 Bf8 19. d5 Na5 20. dxe6+ Kxe6 21. Qd5#
1-0

[Event "Challenge"]
[Site "http://www.queenalice.com/game.php?id=1385983"]
[Date "2015.9.28"]
[Round "-"]
[White "fjalves"]
[Black "kavalheiro"]
[Result "1-0"]
[WhiteElo "1670"]
[BlackElo "1516"]

1. e4 e5 2. Nf3 Bd6 3. Bc4 Nf6 4. d3 Nc6 5. Ng5 Nd4 6. Nxf7 Qe7 7. Nxh8 Qf8 8.
Nf7 Bb4+ 9. c3 Ba5 10. O-O d6 11. cxd4 exd4 12. Ng5 h6 13. Nh7 Nxh7 14. Qh5+ Kd8
15. Qxa5 b6 16. Qd5 Rb8 17. Na3 Nf6 18. Qxd4 Ng4 19. Nb5 Rb7 20. Bd5 c5 21. Qa4
Bd7 22. Bxb7 Qe8 23. Qxa7 Bxb5 24. Qb8+ Ke7 25. Qc7+ Ke6 26. Bc8+ Ke5 27. Qxg7+
Nf6 28. Qg3+ Kd4 29. Qe3+ Ke5 30. f4# 1-0

[Event "Challenge"]
[Site "http://www.queenalice.com/game.php?id=1396491"]
[Date "2015.11.29"]
[Round "-"]
[White "kavalheiro"]
[Black "EdBrazil"]
[Result "1-0"]
[WhiteElo "1506"]
[BlackElo "1547"]

1. e3 d5 2. Qf3 Nf6 3. Bb5+ c6 4. Ba4 Bg4 5. Qf4 Nbd7 6. Nc3 b5 7. Bb3 e6 8. d3
e5 9. Qg3 Bb4 10. h3 Bxc3+ 11. bxc3 Nh5 12. Qh2 Be6 13. Nf3 a5 14. O-O d4 15.
exd4 a4 16. Bxe6 fxe6 17. g4 Nf4 18. Re1 exd4 19. Qxf4 dxc3 20. Ne5 Rf8 21. Qb4
Qf6 22. Ba3 Qxf2+ 23. Kh1 Qxc2 24. Rec1 Qd2 25. Qe7# 1-0

[Event "Challenge"]
[Site "http://www.queenalice.com/game.php?id=1400931"]
[Date "2015.12.28"]
[Round "-"]
[White "jeffcom2f"]
[Black "kavalheiro"]
[Result "1-0"]
[WhiteElo "1624"]
[BlackElo "1524"]

1. e4 e6 2. Nf3 Qf6 3. e5 Qf5 4. Bd3 Qh5 5. O-O f6 6. exf6 gxf6 7. Nc3 Bc5 8. a3
Ne7 9. b4 Bd6 10. Ne4 Rg8 11. Nxd6+ cxd6 12. g3 Nec6 13. b5 Ne5 14. Nxe5 Qxe5
15. Rb1 b6 16. Re1 Qc5 17. Bxh7 Rh8 18. Bd3 Qg5 19. Bf1 Qh6 20. h4 f5 21. d4 Qg6
22. Bf4 Bb7 23. Bxd6 f4 24. Bxf4 d6 25. Bxd6 Nd7 26. Be5 Rxh4 27. d5 Qh6 28.
gxh4 O-O-O 29. Bg3 Nf6 30. Rxe6 Bxd5 31. Re5 Qf8 32. Qe2 Ba2 33. Rb4 Bf7 34. Qf3
Nd7 35. Rf5 Qe8 36. Qc6# 1-0

[Event "Challenge"]
[Site "http://www.queenalice.com/game.php?id=1400932"]
[Date "2015.12.28"]
[Round "-"]
[White "kavalheiro"]
[Black "jeffcom2f"]
[Result "0-1"]
[WhiteElo "1512"]
[BlackElo "1625"]

1. e4 e5 2. Qh5 Qf6 3. Nf3 g6 4. Qh3 Ne7 5. Bb5 c6 6. Bc4 Bg7 7. O-O O-O 8. Nh4
d5 9. exd5 cxd5 10. Qg3 dxc4 11. Re1 g5 12. Nf3 Nf5 13. Qxe5 Qxe5 14. Nxe5 Bxe5
15. Rxe5 f6 16. Rc5 Be6 17. Nc3 b6 18. Rc7 Nd7 19. Nb5 a6 20. Nc3 Rfc8 21. Rb7
Rd8 22. Ne4 Bd5 23. Nxf6+ Nxf6 24. g4 Nd6 25. Re7 Nxg4 26. d3 Re8 27. Bxg5 Rxe7
28. Bxe7 Nf5 29. Bg5 Re8 30. Kf1 Nxh2+ 31. Kg1 Nf3+ 32. Kf1 cxd3 33. Bf4 d2 34.
Bxd2 Nxd2+ 35. Kg1 Nh4 36. Rd1 Ndf3+ 37. Kh1 Re1+ 38. Rxe1 Nxe1+ 39. Kg1 Nhf3+
40. Kf1 Nxc2 41. Kg2 Nd2+ 42. Kg3 Bxa2 43. Kf4 Nc4 44. Ke4 Nxb2 45. Ke5 Nd3+ 46.
Ke4 Nxf2+ 47. Kf3 Nd3 48. Ke4 b5 0-1